| 000 | 01144nas a2200361 4500 | ||
|---|---|---|---|
| 001 | BR2012003411 | ||
| 003 | BR-BrBNA | ||
| 005 | 20231205120538.0 | ||
| 007 | ta | ||
| 008 | 230509b bl.|||p| |||| 00| 00por d | ||
| 040 |
_aBR-BrBNA _bpor _cBiblioteca Nacional de Agricultura |
||
| 041 | _a(Pt) | ||
| 072 | _aP01; F01 | ||
| 100 | 1 | _aLobão, D.E. | |
| 100 | 1 | _aSetenta, W.C. | |
| 100 | 1 | _aSantos, E.S. dos | |
| 100 | 1 | _aCurvelo, K. | |
| 100 | 1 | _aLobão, E. de S.P. | |
| 100 | 1 | _aValle, R.R. | |
| 245 | 1 | _aSistema cacau cabruca e a mata atlântica: diversidade arbórea, conservação e potencial de produção | |
| 246 | 1 | _aCacau cabruca system and Atlantic Forest: Arboreal diversity, conservation and potential | |
| 650 | _aTHEOBROMA CACAO | ||
| 650 | _aCACAU | ||
| 650 | _aCONSERVAÇÃO | ||
| 650 | _aBIODIVERSIDADE | ||
| 650 | _aCACAUICULTURA | ||
| 650 | _aPRODUÇÃO | ||
| 650 | _aFLORESTA | ||
| 773 | 0 |
_tAgrotrópica (Brazil) _xISSN 0103-3816 _g(May-Dec 2011), v. 23(2-3) p. 115-124 _wBR2012003411 |
|
| 856 | 4 | 0 | _dLink DSPACE/MAPA BR2012003411 |
| 909 |
_a202311 _bLúcia _c55 _dLúcia Elande |
||
| 942 |
_2AGRIS _n0 _cANA |
||
| 999 |
_c219052 _d219052 |
||